Grammar and beyond 1

his package includes the Student's Book, Level 1, and Writing Skills Interactive, Level 1. In the Student's Book, learners study the grammar in a realistic text and through corpus-informed charts and notes. The exercises provide practice in reading, writing, listening, and speaking. Studen...

Cijeli opis

Spremljeno u:
Bibliografski detalji
Glavni autor: Reppen, Randi
Format: Knjiga
Jezik:Undetermined
Izdano: Cambridge Cambridge University Press 2012
Teme:
Oznake: Dodaj oznaku
Bez oznaka, Budi prvi tko označuje ovaj zapis!
Thư viện lưu trữ: Trung tâm Học liệu Trường Đại học Cần Thơ
LEADER 01233nam a2200205Ia 4500
001 CTU_230422
008 210402s9999 xx 000 0 und d
082 |a 428.24 
082 |b R425/B.1 
100 |a Reppen, Randi 
245 0 |a Grammar and beyond 1 
245 0 |c Randi Reppen with Deborah Gordon 
260 |a Cambridge 
260 |b Cambridge University Press 
260 |c 2012 
520 |a his package includes the Student's Book, Level 1, and Writing Skills Interactive, Level 1. In the Student's Book, learners study the grammar in a realistic text and through corpus-informed charts and notes. The exercises provide practice in reading, writing, listening, and speaking. Students learn to avoid common mistakes and to apply the grammar in academic writing. Writing Skills Interactive is an online course providing instruction and practice in academic writing skills and academic vocabulary. Animated presentations of the writing skills lead to automatically graded practice. Each unit closes with a quiz, which allows students to assess their progress. 
650 |a Tiếng Anh,English language 
650 |x Ngữ pháp,Grammar 
910 |a Tuyến 
980 |a Trung tâm Học liệu Trường Đại học Cần Thơ